Online
Catalog

La mentalidad positiva en españa: desarrollo y crisis / (Record no. 50620)

MARC details
000 -CABECERA
campo de control de longitud fija 01691nam a22003377a 4500
003 - IDENTIFICADOR DEL NÚMERO DE CONTROL
campo de control DO-SdBNP
005 - FECHA Y HORA DE LA ÚLTIMA TRANSACCIÓN
campo de control 20210922125052.0
007 - CAMPO FIJO DE DESCRIPCIÓN FÍSICA--INFORMACIÓN GENERAL
campo de control de longitud fija ta
008 - DATOS DE LONGITUD FIJA--INFORMACIÓN GENERAL
campo de control de longitud fija 210922b 1975 sp 00| 0 eng d
020 ## - NÚMERO INTERNACIONAL ESTÁNDAR DEL LIBRO
Número Internacional Estándar del Libro 8485199073
040 ## - FUENTE DE LA CATALOGACIÓN
Centro catalogador/agencia de origen DO-SdBNP
Lengua de catalogación spa
Centro/agencia transcriptor BNPHU
082 #4 - NÚMERO DE LA CLASIFICACIÓN DECIMAL DEWEY
Número de clasificación 196.1
Número de documento/Ítem N964m
100 1# - ENTRADA PRINCIPAL--NOMBRE DE PERSONA
Nombre de persona Núñez, Diego
9 (RLIN) 80000
245 13 - MENCIÓN DE TÍTULO
Título La mentalidad positiva en españa: desarrollo y crisis /
260 ## - PUBLICACIÓN, DISTRIBUCIÓN, ETC.
Lugar de publicación, distribución, etc. España :
Nombre del editor, distribuidor, etc. Tucar,
Fecha de publicación, distribución, etc. 1975.
300 ## - DESCRIPCIÓN FÍSICA
Extensión 278 p. ;
Dimensiones 21 cm.
490 1# - MENCIÓN DE SERIE
Mención de serie Temas de ciencias sociales
Designación de volumen o secuencia 7
500 ## - NOTA GENERAL
Nota general Incluye índices de abreviaturas
500 ## - NOTA GENERAL
Nota general Originally presented as the author's thesis (doctoral)--Universidad<br/> Autónoma de Madrid, 1973.
500 ## - NOTA GENERAL
Nota general Presentado originalmente como tesis (doctorado) -- Universidad Autónoma de Madrid, 1973
500 ## - NOTA GENERAL
Nota general Incluye referencias bibliográficas y notas al pie de las páginas
505 2# - NOTA DE CONTENIDO CON FORMATO
Nota de contenido con formato Introducción--
Título Positivismo --
-- El krausismo positivo
-- Significado del pensamiento comtiano en España--
-- Neokantismo y nueva crítica--
-- La presencia del evolucionismo en el pensamiento español decimononico--
-- Replanteamiento de la actitud filosófica en el contexto científico-positivo. Formación en España de una linea de filosofía científica--
-- El pensamiento sociologico español positivo--
-- Índice de abreviaturas.
590 ## - NOTA LOCAL (RLIN)
Nota local Inventariado, 22021/BT
600 14 - PUNTO DE ACCESO ADICIONAL DE MATERIA--NOMBRE DE PERSONA
Nombre de persona Krause, Karl Christian Friedrich,
Fechas asociadas al nombre 1781-1832.
9 (RLIN) 67518
650 #4 - PUNTO DE ACCESO ADICIONAL DE MATERIA--TÉRMINO DE MATERIA
Término de materia o nombre geográfico como elemento de entrada Filosofía española
Subdivisión cronológica Siglo XIX
9 (RLIN) 80016
650 #4 - PUNTO DE ACCESO ADICIONAL DE MATERIA--TÉRMINO DE MATERIA
Término de materia o nombre geográfico como elemento de entrada Positivismo
Subdivisión general Historia
9 (RLIN) 48291
650 #4 - PUNTO DE ACCESO ADICIONAL DE MATERIA--TÉRMINO DE MATERIA
Término de materia o nombre geográfico como elemento de entrada Sociologia
Subdivisión geográfica España
Subdivisión general Historia
9 (RLIN) 80017
830 #0 - PUNTO DE ACCESO ADICIONAL DE SERIE-TÍTULO UNIFORME
Número de parte o sección de la obra Temas de ciencias sociales
Nombre de parte o sección de la obra 7
9 (RLIN) 80001
910 ## - DATOS DE OPCIÓN DEL USUARIO (OCLC)
Datos de opción del usuario Btavárez/Validado. Control de calidad MFF
942 ## - ELEMENTOS DE PUNTO DE ACCESO ADICIONAL (KOHA)
Fuente del sistema de clasificación o colocación Dewey Decimal Classification
Tipo de ítem Koha Libro
Holdings
Estado de retiro Estado de pérdida Fuente del sistema de clasificación o colocación Restricciones de uso No para préstamo Código de colección Localización permanente Ubicación/localización actual Ubicación en estantería Fecha de adquisición Fuente de adquisición Total de préstamos Signatura topográfica completa Código de barras Fecha visto por última vez Precio válido a partir de Tipo de ítem Koha
    Dewey Decimal Classification Préstamo en sala   Monografías: Libros y Folletos Biblioteca Nacional Pedro Henríquez Ureña General Depósito 22.09.2021 Donación   BNPHU GR 196.1 N964m 2021-26924 22.09.2021 22.09.2021 Libro

Powered by Koha